[Event "Cto Equipos Aragon 2013 Preferente II"]
[Site "Aragon"]
[Date "2013.02.09"]
[Round "3.72"]
[White "Rubio Tello, Abel"]
[Black "Labrador Postigo, Francisco Manuel"]
[Result "0-1"]
[WhiteElo "1864"]
[BlackElo "1917"]
[PlyCount "122"]
[EventDate "2013.??.??"]
[EventType "tourn"]
[EventRounds "9"]
[EventCountry "ESP"]
[WhiteTeam "San Jose"]
[BlackTeam "El Olivar B"]

1. d4 Nf6 2. Nf3 e6 3. Bg5 b6 4. e3 Be7 5. Bd3 Ba6 6. c4 O-O 7. O-O d5 8. Nbd2
Nbd7 9. Qa4 Bb7 10. cxd5 exd5 11. Ne5 h6 12. Bf4 Nxe5 13. Bxe5 Ng4 14. Bg3 h5
15. h3 h4 16. Bxc7 Qxc7 17. hxg4 Bc8 18. Rac1 Qd6 19. Rc6 Qb8 20. Bf5 Bb7 21.
Rc3 g6 22. Bd7 Bd6 23. Rfc1 Qd8 24. Bc6 Bxc6 25. Qxc6 Kg7 26. f4 Bb4 27. R3c2
Qe7 28. Nf1 Qe4 29. Qb5 Be1 30. Qe2 Bb4 31. Qf3 Qxf3 32. gxf3 Rae8 33. a3 Bd6
34. Rc6 Bb8 35. Kf2 Rh8 36. Nh2 g5 37. Re1 gxf4 38. e4 dxe4 39. fxe4 Rc8 40.
Rec1 Rxc6 41. Rxc6 Rd8 42. Nf3 h3 43. Kg1 Rh8 44. Kh2 f6 45. b4 Re8 46. e5 fxe5
47. dxe5 Bxe5 48. Kxh3 Bb8 49. g5 Re3 50. Kg4 Rxa3 51. Nd4 Be5 52. Nf5+ Kf8 53.
Re6 f3 54. Ng3 f2 55. Nf1 Bd4 56. Rd6 Rd3 57. Rd8+ Ke7 58. Ra8 Rd1 59. Rxa7+
Kd6 60. Ng3 Rg1 61. Kf3 Rxg3+ 0-1

[Event "Cto Equipos Aragon 2013 Div. Honor I"]
[Site "Aragon"]
[Date "2013.02.16"]
[Round "4.1"]
[White "Gil Capape, Marco Antonio"]
[Black "Adla, Diego Gustavo"]
[Result "0-1"]
[WhiteElo "2084"]
[BlackElo "2498"]
[PlyCount "105"]
[EventDate "2013.??.??"]
[EventType "tourn"]
[EventRounds "7"]
[EventCountry "ESP"]
[WhiteTeam "Caissa - Hnos. Cortes"]
[BlackTeam "St Casablanca"]

1. e4 c5 2. c3 Nf6 3. e5 Nd5 4. d4 cxd4 5. Nf3 e6 6. cxd4 d6 7. Bc4 Nb6 8. Be2
dxe5 9. dxe5 Qxd1+ 10. Bxd1 Bd7 11. O-O Nd5 12. Bb3 Nc6 13. Rd1 Nde7 14. Bf4
Ng6 15. Bg3 Bb4 16. Nbd2 Bxd2 17. Rxd2 Na5 18. Rad1 Bc6 19. Bc2 Nc4 20. Rd4
Bxf3 21. gxf3 Ncxe5 22. Be4 O-O 23. Bxb7 Rab8 24. Be4 f5 25. f4 fxe4 26. fxe5
Rxb2 27. a4 h6 28. Rxe4 Ne7 29. Rd7 Nf5 30. f4 Rc8 31. Be1 a6 32. Rd2 Rcc2 33.
Rxc2 Rxc2 34. Bf2 Ne7 35. Rd4 Nd5 36. f5 Kf7 37. Bg3 Rb2 38. fxe6+ Kxe6 39. Rc4
Rb1+ 40. Kf2 Ne7 41. Kf3 Rb6 42. Ke4 Nc6 43. Bf2 Nxe5 44. Rc5 Nd7 45. Ra5 Nf6+
46. Kd3 Rd6+ 47. Bd4 Nd7 48. Ke4 g6 49. Bg7 h5 50. Bd4 Rc6 51. Rg5 Ke7 52. Kd5
Re6 53. a5 0-1

[Event "Cto Equipos Aragon 2013 Div. Honor I"]
[Site "Aragon"]
[Date "2013.02.16"]
[Round "4.2"]
[White "Glavina Rossi, Pablo"]
[Black "Carraminana Lopez, Luis Antonio"]
[Result "0-1"]
[WhiteElo "2445"]
[BlackElo "1998"]
[PlyCount "102"]
[EventDate "2013.??.??"]
[EventType "tourn"]
[EventRounds "7"]
[EventCountry "ESP"]
[WhiteTeam "St Casablanca"]
[BlackTeam "Caissa - Hnos. Cortes"]

1. d4 d5 2. c4 c6 3. Nc3 Nf6 4. Nf3 a6 5. g3 b5 6. b3 Bf5 7. Bg2 e6 8. O-O Bb4
9. Bd2 O-O 10. a3 Bd6 11. Nh4 Bg4 12. h3 Bh5 13. c5 Bc7 14. f4 Ne4 15. Be1 f5
16. Bf3 Qe8 17. a4 b4 18. Na2 a5 19. g4 Bg6 20. e3 Nd7 21. Nc1 Bd8 22. Nd3 Be7
23. Ra2 Bxh4 24. Bxh4 Nc3 25. Qd2 Nxa2 26. Qxa2 fxg4 27. Be2 gxh3 28. Nf2 Bf5
29. Kh2 Nf6 30. Rg1 Ne4 31. Ng4 Nc3 32. Qd2 Nxe2 33. Qxe2 Bxg4 34. Qxg4 Ra7 35.
Rg3 Rf5 36. Bg5 Qg6 37. Qxh3 Rff7 38. Bh4 Qe4 39. Qg4 Qf5 40. Qf3 Qc2+ 41. Kh3
Qxb3 42. Qh5 Qd3 43. Kh2 Qf5 44. Qe2 b3 45. Rg2 Rfb7 46. Qb2 Qd3 47. Re2 Rb4
48. Rd2 Qxe3 49. Bf2 Qxf4+ 50. Bg3 Qh6+ 51. Kg1 Qxd2 0-1

[Event "Cto Equipos Aragon 2013 Div. Honor I"]
[Site "Aragon"]
[Date "2013.02.16"]
[Round "4.3"]
[White "Vasilev, Vas"]
[Black "Lopez Gracia, Fernando"]
[Result "0-1"]
[WhiteElo "1942"]
[BlackElo "2368"]
[PlyCount "67"]
[EventDate "2013.??.??"]
[EventType "tourn"]
[EventRounds "7"]
[EventCountry "ESP"]
[WhiteTeam "Caissa - Hnos. Cortes"]
[BlackTeam "St Casablanca"]

1. d4 Nf6 2. Nf3 g6 3. c4 Bg7 4. Nc3 O-O 5. g3 d6 6. Bg2 Nbd7 7. O-O e5 8. dxe5
dxe5 9. b4 e4 10. Nd4 c5 11. bxc5 Nxc5 12. Bg5 h6 13. Bxf6 Qxf6 14. e3 Qe5 15.
Rb1 Bd7 16. Rb4 Rfd8 17. Qe2 f5 18. Nd5 Bc6 19. Nc3 Rd7 20. Rd1 Rad8 21. Rbb1
Nd3 22. Ncb5 Qc5 23. Ne6 Qxc4 24. Nxd8 Bxb5 25. Ne6 Ba4 26. Nf4 Bxd1 27. Qxd1
Ne5 28. Qb3 Qxb3 29. axb3 Kf7 30. Bf1 g5 31. Ne2 Nf3+ 32. Kg2 Be5 33. Ng1 Nd2
34. Be2 0-1

[Event "Cto Equipos Aragon 2013 Div. Honor I"]
[Site "Aragon"]
[Date "2013.02.16"]
[Round "4.4"]
[White "Quintin Navarro, Alberto"]
[Black "Galvez Perez, Jose Luis"]
[Result "0-1"]
[WhiteElo "2220"]
[BlackElo "1925"]
[PlyCount "100"]
[EventDate "2013.??.??"]
[EventType "tourn"]
[EventRounds "7"]
[EventCountry "ESP"]
[WhiteTeam "St Casablanca"]
[BlackTeam "Caissa - Hnos. Cortes"]

1. d4 g6 2. c4 Bg7 3. Nc3 c5 4. d5 Bxc3+ 5. bxc3 f5 6. h4 Qa5 7. Bd2 Nf6 8. Nh3
d6 9. Nf4 Nbd7 10. h5 Rg8 11. hxg6 hxg6 12. e3 Ne5 13. Qb3 Bd7 14. Rb1 Kf7 15.
f3 b6 16. Be2 Rh8 17. Kf2 Neg4+ 18. Kg1 Rxh1+ 19. Kxh1 Rh8+ 20. Kg1 Ne5 21. Nh3
Kg7 22. Be1 Qa6 23. Bf1 Ba4 24. Qb2 Nxc4 25. Qe2 b5 26. e4 fxe4 27. fxe4 Ne5
28. Nf4 Nfg4 29. Ne6+ Kg8 30. Bg3 c4 31. Bxe5 Nxe5 32. Qf2 Qb6 33. Nd4 a6 34.
Be2 Rh7 35. Rf1 Rf7 36. Qh4 b4 37. Rxf7 Nxf7 38. Kh2 bxc3 39. Ne6 Qe3 40. Bd1
Bxd1 41. Qxe7 Qh6+ 42. Kg3 Ba4 43. Qc7 c2 44. Qb8+ Kh7 45. Nf8+ Kg7 46. Ne6+
Kf6 47. Qb2+ Ne5 48. Qb8 Qe3+ 49. Kh4 g5+ 50. Nxg5 Ng6+ 0-1

[Event "Cto Equipos Aragon 2013 Div. Honor I"]
[Site "Aragon"]
[Date "2013.02.16"]
[Round "4.5"]
[White "Ramon Perez, Jose Luis"]
[Black "Del Rey, Diego"]
[Result "1-0"]
[WhiteElo "2236"]
[BlackElo "2383"]
[PlyCount "102"]
[EventDate "2013.??.??"]
[EventType "tourn"]
[EventRounds "7"]
[EventCountry "ESP"]
[WhiteTeam "Agrupacion"]
[BlackTeam "El Olivar"]

1. e4 c6 2. c4 d5 3. cxd5 cxd5 4. exd5 Nf6 5. Nc3 Nxd5 6. Nf3 Nc6 7. Bb5 Nxc3
8. bxc3 g6 9. Qa4 Bd7 10. O-O Bg7 11. Qh4 e6 12. Qg3 Qa5 13. a4 a6 14. Bxc6
Bxc6 15. Ba3 O-O-O 16. d4 Rd5 17. Rfe1 Rhd8 18. Rab1 Qc7 19. Ne5 Bxe5 20. dxe5
Rd3 21. Re3 Qb6 22. Rf1 Rd1 23. Ree1 R1d3 24. Qf4 R8d7 25. Bd6 Qb3 26. Re3 Rd1
27. Ree1 Rd3 28. Re3 Rd1 29. Ree1 Qd5 30. f3 Rd2 31. Rf2 Rxf2 32. Kxf2 Qa2+ 33.
Re2 Qxa4 34. Qe3 Qh4+ 35. Kg1 Qc4 36. Rd2 Bb5 37. h3 Kd8 38. Qh6 Kc8 39. Qf8+
Rd8 40. Qxf7 Bd7 41. Bb4 Qc7 42. Qf4 a5 43. Be7 Re8 44. Bd6 Qb6+ 45. Kh2 Qc6
46. Rd4 b5 47. Qd2 Qb7 48. Qa2 Qb6 49. Qa3 b4 50. Rc4+ Bc6 51. cxb4 Kd7 1-0

[Event "Cto Equipos Aragon 2013 Div. Honor I"]
[Site "Aragon"]
[Date "2013.02.16"]
[Round "4.6"]
[White "Chueca Forcen, Alberto"]
[Black "Remiro Juste, Fernando Jose"]
[Result "1/2-1/2"]
[WhiteElo "2310"]
[BlackElo "2216"]
[PlyCount "82"]
[EventDate "2013.??.??"]
[EventType "tourn"]
[EventRounds "7"]
[EventCountry "ESP"]
[WhiteTeam "El Olivar"]
[BlackTeam "Agrupacion"]

1. e4 c5 2. c3 d5 3. exd5 Qxd5 4. d4 Nc6 5. Nf3 Bg4 6. Be2 cxd4 7. cxd4 e6 8.
Nc3 Qa5 9. O-O Nf6 10. a3 Be7 11. Be3 Nd5 12. Nxd5 Qxd5 13. Rc1 O-O 14. h3 Bh5
15. Bc4 Qa5 16. d5 Bxf3 17. Qxf3 Ne5 18. Qe4 Nxc4 19. Qxc4 Qxd5 20. Qxd5 exd5
21. Rc7 Bf6 22. Rxb7 Rfb8 23. Rxa7 Rxa7 24. Bxa7 Rxb2 25. Rd1 Rb5 26. Bd4 Bxd4
27. Rxd4 Kf8 28. a4 Rb1+ 29. Kh2 Ra1 30. Kg3 Ke7 31. Rxd5 Rxa4 32. f4 Ra2 33.
Kf3 g6 34. g3 h5 35. Rd3 Rh2 36. h4 Ra2 37. Rc3 Ke6 38. Re3+ Kf5 39. Re5+ Kf6
40. Re3 Kf5 41. Re5+ Kf6 1/2-1/2

[Event "Cto Equipos Aragon 2013 Div. Honor I"]
[Site "Aragon"]
[Date "2013.02.16"]
[Round "4.7"]
[White "Mimbela Lopez, Miguel Angel"]
[Black "Palacios Latasa, Elias"]
[Result "0-1"]
[WhiteElo "2187"]
[BlackElo "2221"]
[PlyCount "68"]
[EventDate "2013.??.??"]
[EventType "tourn"]
[EventRounds "7"]
[EventCountry "ESP"]
[WhiteTeam "Agrupacion"]
[BlackTeam "El Olivar"]

1. d4 d5 2. c4 e5 3. dxe5 d4 4. a3 Nc6 5. e3 Nge7 6. Nf3 Nf5 7. exd4 Nfxd4 8.
Bd3 Nxf3+ 9. Qxf3 Nxe5 10. Qe4 Qxd3 11. Qxe5+ Be6 12. Qb5+ c6 13. Qxb7 Rc8 14.
Be3 Bd6 15. Nd2 O-O 16. Qb3 Qg6 17. Qc3 Rfe8 18. O-O-O Bf5 19. Nf3 Bg4 20. c5
Bc7 21. h3 Bxf3 22. gxf3 Be5 23. Qc2 Qf6 24. Rd3 Rb8 25. b3 Qxf3 26. Rhd1 Qxh3
27. Bd4 Qe6 28. Bb2 Qf6 29. Kb1 h5 30. Ka2 Bxb2 31. Rd6 Qe5 32. Qxb2 Qxc5 33.
Rg1 Qe5 34. Rxc6 Qxb2+ 0-1

[Event "Cto Equipos Aragon 2013 Div. Honor I"]
[Site "Aragon"]
[Date "2013.02.16"]
[Round "4.8"]
[White "Hernando Garcia, Antonio"]
[Black "Carruez Berges, Santiago"]
[Result "0-1"]
[WhiteElo "2173"]
[BlackElo "2119"]
[PlyCount "88"]
[EventDate "2013.??.??"]
[EventType "tourn"]
[EventRounds "7"]
[EventCountry "ESP"]
[WhiteTeam "El Olivar"]
[BlackTeam "Agrupacion"]

1. Nf3 d6 2. g3 g6 3. c4 Bg7 4. Bg2 e5 5. Nc3 Nc6 6. Rb1 Be6 7. d3 h6 8. b4 Qd7
9. b5 Nd8 10. a4 Ne7 11. Ba3 Bh3 12. O-O Bxg2 13. Kxg2 Ne6 14. Nd5 Nf5 15. e4
Nfd4 16. Nxd4 Nxd4 17. Bb2 c6 18. bxc6 bxc6 19. Bxd4 exd4 20. Nf4 O-O 21. Qb3
Be5 22. Ne2 f5 23. c5+ Kh8 24. f4 Bg7 25. cxd6 fxe4 26. dxe4 Qxd6 27. e5 Qd7
28. Qc4 Rfd8 29. Rbd1 c5 30. Qxc5 Qb7+ 31. Kf2 d3 32. Rb1 Qd7 33. Ng1 Rac8 34.
Qe3 Rc2+ 35. Kf3 d2 36. Qe4 Qc8 37. Ne2 g5 38. f5 Rc4 39. Qe3 Qxf5+ 40. Kg2 Qe6
41. Rbd1 Qxe5 42. Qxe5 Bxe5 43. h3 Rxa4 44. Rf5 Bg7 0-1

[Event "Cto Equipos Aragon 2013 Div. Honor I"]
[Site "Aragon"]
[Date "2013.02.16"]
[Round "4.9"]
[White "Gavin Roche, Enrique"]
[Black "Cifuentes Parada, Roberto"]
[Result "1-0"]
[WhiteElo "2249"]
[BlackElo "2473"]
[PlyCount "131"]
[EventDate "2013.??.??"]
[EventType "tourn"]
[EventRounds "7"]
[EventCountry "ESP"]
[WhiteTeam "ONCE C.A. Aragon"]
[BlackTeam "Casino Jaque"]

1. d4 d5 2. c4 dxc4 3. Nf3 c5 4. e3 Nf6 5. Bxc4 e6 6. O-O Nc6 7. dxc5 Qxd1 8.
Rxd1 Bxc5 9. a3 O-O 10. b4 Be7 11. Bb2 b6 12. Nbd2 Bb7 13. Rac1 Rfd8 14. h3 h6
15. Rc2 Ne4 16. Rdc1 Nxd2 17. Nxd2 Bxb4 18. axb4 Nxb4 19. Bd4 Nxc2 20. Rxc2
Rac8 21. Rb2 Bd5 22. Bb5 Rc1+ 23. Kh2 f6 24. f4 Kf7 25. Kg3 g5 26. Kf2 gxf4 27.
exf4 Rg8 28. Nf3 Rgc8 29. Bd3 Bc4 30. Bb1 Rg8 31. g4 Bd5 32. Ne1 Rgc8 33. Be3
R1c3 34. Bd3 Ra3 35. h4 Ra2 36. Rxa2 Bxa2 37. g5 Bc4 38. Bb1 hxg5 39. hxg5 Bd5
40. gxf6 Rh8 41. Bd4 a5 42. Nf3 Bxf3 43. Kxf3 Rh3+ 44. Kg4 Rb3 45. Ba2 Ra3 46.
Bb1 b5 47. Be5 Re3 48. Kg5 Rg3+ 49. Kh4 Rg1 50. Bd3 b4 51. f5 Rc1 52. Bb2 Rc5
53. fxe6+ Kxe6 54. Bg6 a4 55. f7 Rc8 56. Kg5 Ke7 57. Bf6+ Kf8 58. Kh6 a3 59.
Be5 Rd8 60. Bh5 Ke7 61. Kg7 Ke6 62. Bf6 a2 63. Bg4+ Kd5 64. f8=Q Rxf8 65. Kxf8
b3 66. Ke7 1-0

[Event "Cto Equipos Aragon 2013 Div. Honor I"]
[Site "Aragon"]
[Date "2013.02.16"]
[Round "4.10"]
[White "Accattato Martin, Mario"]
[Black "Laliena Solares, Luis M"]
[Result "1-0"]
[WhiteElo "2174"]
[BlackElo "2160"]
[PlyCount "77"]
[EventDate "2013.??.??"]
[EventType "tourn"]
[EventRounds "7"]
[EventCountry "ESP"]
[WhiteTeam "Casino Jaque"]
[BlackTeam "ONCE C.A. Aragon"]

1. e4 c6 2. d4 d5 3. Nc3 dxe4 4. Nxe4 Bf5 5. Ng3 Bg6 6. Bc4 e6 7. N1e2 Nf6 8.
O-O Bd6 9. f4 Bf5 10. Nxf5 exf5 11. Bd3 g6 12. c4 O-O 13. b3 Re8 14. Bb2 Nbd7
15. Qc2 Qe7 16. Rf3 Ne4 17. a3 Ndf6 18. b4 Rad8 19. d5 cxd5 20. c5 Rc8 21. Be5
b6 22. cxd6 Nxd6 23. Qb2 Nfe4 24. Nc3 Nxc3 25. Bxc3 Ne4 26. Bd4 Qc7 27. Rff1
Re6 28. Ba6 Rce8 29. Rac1 Qe7 30. Bb5 Rd8 31. Rfe1 Nd6 32. Rxe6 Qxe6 33. Bd3
Nc4 34. Qe2 Qd6 35. Bxc4 dxc4 36. Be5 Qd5 37. Qxc4 Qd2 38. Qc3 Qe2 39. Re1 1-0

[Event "Cto Equipos Aragon 2013 Div. Honor I"]
[Site "Aragon"]
[Date "2013.02.16"]
[Round "4.11"]
[White "Latorre Abad, Fernando"]
[Black "Abos Rosico, Antonio"]
[Result "0-1"]
[WhiteElo "2099"]
[BlackElo "2073"]
[PlyCount "64"]
[EventDate "2013.??.??"]
[EventType "tourn"]
[EventRounds "7"]
[EventCountry "ESP"]
[WhiteTeam "ONCE C.A. Aragon"]
[BlackTeam "Casino Jaque"]

1. e4 d6 2. d4 Nf6 3. Nc3 g6 4. f4 Bg7 5. Nf3 O-O 6. Be3 Nc6 7. Qd2 Ng4 8. Bg1
e5 9. d5 Ne7 10. h3 Nf6 11. fxe5 dxe5 12. O-O-O Ne8 13. Be3 Nd6 14. g4 Bd7 15.
Qh2 f6 16. Bd3 Qe8 17. g5 f5 18. Nxe5 Nxd5 19. Nxd5 Qxe5 20. Qxe5 Bxe5 21. exf5
Nxf5 22. Bc5 Rfd8 23. Rhe1 Bg7 24. Bc4 Kh8 25. Nf6 Bc6 26. Rxd8+ Rxd8 27. Bd3
h6 28. Bxf5 gxf5 29. h4 b6 30. Be7 Rd4 31. Nh5 Re4 32. Rd1 Rxe7 0-1

[Event "Cto Equipos Aragon 2013 Div. Honor I"]
[Site "Aragon"]
[Date "2013.02.16"]
[Round "4.12"]
[White "Uldemolins Nivela, Mateo"]
[Black "Cobo Garrido, Diego Israel"]
[Result "1/2-1/2"]
[WhiteElo "1837"]
[BlackElo "2059"]
[PlyCount "47"]
[EventDate "2013.??.??"]
[EventType "tourn"]
[EventRounds "7"]
[EventCountry "ESP"]
[WhiteTeam "Casino Jaque"]
[BlackTeam "ONCE C.A. Aragon"]

1. e4 e5 2. Nf3 Nc6 3. Bc4 Nf6 4. Nc3 Be7 5. d4 d6 6. h3 O-O 7. O-O h6 8. Be3
Re8 9. a3 Bf8 10. Qd3 Qe7 11. Nd5 Nxd5 12. Bxd5 Qf6 13. Bxc6 bxc6 14. dxe5 dxe5
15. Rad1 Bxh3 16. gxh3 Qxf3 17. Kh2 Bd6 18. Rg1 Kh8 19. Rxg7 Qxd1 20. Qxd1 Kxg7
21. Qg4+ Kh7 22. Qf5+ Kg7 23. Bxh6+ Kxh6 24. Qf6+ 1/2-1/2

[Event "Cto Equipos Aragon 2013 Div. Honor I"]
[Site "Aragon"]
[Date "2013.02.16"]
[Round "4.13"]
[White "Salamero Pelay, Fernando"]
[Black "Hefty Hilardo, Jorge Walter"]
[Result "0-1"]
[WhiteElo "2140"]
[BlackElo "2323"]
[PlyCount "94"]
[EventDate "2013.??.??"]
[EventType "tourn"]
[EventRounds "7"]
[EventCountry "ESP"]
[WhiteTeam "Club Atletismo Huesca"]
[BlackTeam "Ibercaja B"]

1. e4 c5 2. Nf3 e6 3. d4 cxd4 4. Nxd4 Bc5 5. Be3 Qb6 6. Na3 d5 7. Bb5+ Kf8 8.
exd5 exd5 9. O-O Nc6 10. Nc4 dxc4 11. Nxc6 Be6 12. Bxc5+ Qxc5 13. Qd4 Qxd4 14.
Nxd4 Bd5 15. Nf5 Be6 16. Nd6 c3 17. bxc3 Ke7 18. Rad1 Nf6 19. Rfe1 Rhd8 20.
Nxb7 Rxd1 21. Rxd1 Bxa2 22. Re1+ Be6 23. c4 Kf8 24. c5 Nd5 25. Ra1 Nc7 26. Bc6
a6 27. f4 Rb8 28. Kf2 Bd7 29. Bxd7 Rxb7 30. Bf5 Rb5 31. Bd3 Rxc5 32. Ke3 a5 33.
Kd4 Ne6+ 34. Ke3 Ke7 35. g4 Nc7 36. Kd4 Ne6+ 37. Ke3 h6 38. h4 Kd6 39. Ra4 Nc7
40. c4 Na6 41. Kd4 Kc6 42. Be4+ Kb6 43. Bd5 f6 44. Ra1 Nb4 45. Rb1 Rc7 46. f5
Ka6 47. c5 Rd7 0-1

[Event "Cto Equipos Aragon 2013 Div. Honor I"]
[Site "Aragon"]
[Date "2013.02.16"]
[Round "4.14"]
[White "Martinez Cebolla, Alberto"]
[Black "Luis Vitalla, Fernando Maria"]
[Result "1/2-1/2"]
[WhiteElo "2053"]
[BlackElo "2152"]
[PlyCount "50"]
[EventDate "2013.??.??"]
[EventType "tourn"]
[EventRounds "7"]
[EventCountry "ESP"]
[WhiteTeam "Ibercaja B"]
[BlackTeam "Club Atletismo Huesca"]

1. e4 c5 2. Nf3 Nc6 3. Bb5 g6 4. c3 Bg7 5. d4 cxd4 6. cxd4 Nf6 7. Nc3 d5 8. Ne5
Qd6 9. Nxc6 bxc6 10. e5 Qe6 11. O-O Ne4 12. Nxe4 cxb5 13. Nc5 Qb6 14. Bg5 Qd8
15. b4 O-O 16. Qd2 Re8 17. Bh6 Bh8 18. h3 f6 19. f4 f5 20. Kh2 a5 21. a3 Ra7
22. Rg1 e6 23. Qf2 a4 24. g4 Rf7 25. Bg5 Qb6 1/2-1/2

[Event "Cto Equipos Aragon 2013 Div. Honor I"]
[Site "Aragon"]
[Date "2013.02.16"]
[Round "4.15"]
[White "Bellosta Lopez, Pablo"]
[Black "Garcia Monterde, Francisco Jose"]
[Result "1-0"]
[WhiteElo "2072"]
[BlackElo "2036"]
[PlyCount "49"]
[EventDate "2013.??.??"]
[EventType "tourn"]
[EventRounds "7"]
[EventCountry "ESP"]
[WhiteTeam "Club Atletismo Huesca"]
[BlackTeam "Ibercaja B"]

1. e4 c5 2. Nf3 e6 3. d4 cxd4 4. Nxd4 Bc5 5. Be3 Qb6 6. c3 Nc6 7. Nd2 Nxd4 8.
Nc4 Qc6 9. Bxd4 Qxe4+ 10. Be2 Be7 11. O-O Nf6 12. Bf3 Qf4 13. Qa4 O-O 14. Be5
Qg5 15. Bd6 Bxd6 16. Nxd6 Qc5 17. Rfd1 Rb8 18. b4 Qb6 19. c4 Qa6 20. Qb3 b5 21.
c5 Qa4 22. Qb2 Rd8 23. Rd3 a5 24. a3 Nd5 25. Rxd5 1-0

[Event "Cto Equipos Aragon 2013 Div. Honor I"]
[Site "Aragon"]
[Date "2013.02.16"]
[Round "4.16"]
[White "Dimitrov Uzunov, Nedko"]
[Black "Gella Lopez, Angel"]
[Result "1-0"]
[WhiteElo "1896"]
[BlackElo "2092"]
[PlyCount "73"]
[EventDate "2013.??.??"]
[EventType "tourn"]
[EventRounds "7"]
[EventCountry "ESP"]
[WhiteTeam "Ibercaja B"]
[BlackTeam "Club Atletismo Huesca"]

1. e4 c5 2. Nf3 e6 3. d4 cxd4 4. Nxd4 Nc6 5. Be3 Nf6 6. Nd2 d5 7. Nxc6 bxc6 8.
e5 Nd7 9. f4 Bc5 10. Bxc5 Nxc5 11. Qg4 O-O 12. b4 f5 13. Qf3 Ne4 14. Nb3 Qb6
15. a3 Ba6 16. Bd3 Rfc8 17. Bxe4 fxe4 18. Qc3 Bc4 19. Nc5 a5 20. Kf2 Rf8 21.
Kg3 g5 22. fxg5 Rf5 23. h4 Raf8 24. Qd4 Re8 25. bxa5 Qxa5 26. Nb7 Qa4 27. Nd6
Ref8 28. Nxf5 exf5 29. Rhb1 f4+ 30. Kh2 f3 31. e6 Qxc2 32. Rb2 Qd3 33. Qe5 fxg2
34. Rg1 Ba6 35. e7 Re8 36. Rb8 Rxb8 37. Qxb8+ 1-0

[Event "Cto Equipos Aragon 2013 Div. Honor II"]
[Site "Aragon"]
[Date "2013.02.16"]
[Round "4.17"]
[White "Lana Rodriguez, David"]
[Black "Gimenez Martinez, Alberto"]
[Result "0-1"]
[WhiteElo "2300"]
[BlackElo "2171"]
[PlyCount "74"]
[EventDate "2013.??.??"]
[EventType "tourn"]
[EventRounds "7"]
[EventCountry "ESP"]
[WhiteTeam "Helios"]
[BlackTeam "St. Casablanca B"]

1. d4 d5 2. c4 e6 3. Nc3 Nf6 4. cxd5 exd5 5. Bg5 Be7 6. e3 c6 7. Qc2 O-O 8. Bd3
Nbd7 9. Nge2 Re8 10. O-O-O Nf8 11. f3 Nh5 12. Bxe7 Qxe7 13. e4 Qg5+ 14. Kb1
dxe4 15. Bxe4 Qxg2 16. Qc1 Qh3 17. Rhg1 Bf5 18. Ng3 Bg6 19. d5 Rad8 20. dxc6
Rxd1 21. Qxd1 bxc6 22. Qc2 Nf4 23. Bxg6 hxg6 24. Nce4 Rb8 25. Ng5 Qh4 26. N3e4
N8e6 27. Qd2 Rd8 28. Qa5 Rd5 29. Qb4 Nxg5 30. Rg4 Qh3 31. Qb8+ Kh7 32. Nxg5+
Rxg5 33. Qxf4 Qf1+ 34. Kc2 Qe2+ 35. Kc3 Rc5+ 36. Kb4 Rb5+ 37. Ka4 Qc2+ 0-1

[Event "Cto Equipos Aragon 2013 Div. Honor II"]
[Site "Aragon"]
[Date "2013.02.16"]
[Round "4.18"]
[White "Arregui Untoria, Carlos"]
[Black "Guzman Moneo, Alberto"]
[Result "1-0"]
[WhiteElo "2101"]
[BlackElo "2192"]
[PlyCount "77"]
[EventDate "2013.??.??"]
[EventType "tourn"]
[EventRounds "7"]
[EventCountry "ESP"]
[WhiteTeam "St. Casablanca B"]
[BlackTeam "Helios"]

1. d4 Nf6 2. c4 c5 3. d5 b5 4. cxb5 a6 5. f3 axb5 6. e4 c4 7. Nc3 Ba6 8. e5 b4
9. Na4 Bb5 10. b3 Ng8 11. Bxc4 Bxc4 12. bxc4 Qa5 13. Nb2 b3+ 14. Bd2 Qa3 15.
Qc1 bxa2 16. Ne2 Na6 17. Qc3 Nc5 18. Qxa3 Rxa3 19. Nc1 d6 20. O-O dxe5 21. Bb4
Nb3 22. Rxa2 Rxa2 23. Nxa2 g6 24. Nd3 Bg7 25. Rb1 Nd4 26. Ba5 Nh6 27. c5 Kd7
28. Rb7+ Kc8 29. c6 Nhf5 30. Nc5 Nd6 31. Rc7+ Kb8 32. Nd7+ Ka8 33. Nb6+ Kb8 34.
Nd7+ Ka8 35. Nb4 Nc4 36. Rb7 Rc8 37. Bb6 Nb5 38. Bc5 Nbd6 39. Ra7# 1-0

[Event "Cto Equipos Aragon 2013 Div. Honor II"]
[Site "Aragon"]
[Date "2013.02.16"]
[Round "4.19"]
[White "Navarro Alonso, Jorge Luis"]
[Black "Jaques Burguete, Raul"]
[Result "1-0"]
[WhiteElo "2161"]
[BlackElo "2027"]
[PlyCount "54"]
[EventDate "2013.??.??"]
[EventType "tourn"]
[EventRounds "7"]
[EventCountry "ESP"]
[WhiteTeam "Helios"]
[BlackTeam "St. Casablanca B"]

1. e4 Nc6 2. d4 d5 3. Nc3 dxe4 4. d5 Ne5 5. Bf4 Ng6 6. Bg3 f5 7. Nh3 e5 8. dxe6
Bb4 9. Qxd8+ Kxd8 10. O-O-O+ Bd6 11. Bxd6 cxd6 12. Ng5 Nh6 13. Nb5 Ke7 14. Bc4
Ne5 15. Bb3 Nhg4 16. Nc7 Rb8 17. Nd5+ Kf8 18. h3 Nxf2 19. Rhf1 Nxd1 20. Rxf5+
Ke8 21. Kxd1 b5 22. Nxe4 Bxe6 23. Nc7+ Kd7 24. Nxe6 Nc4 25. Bxc4 bxc4 26. Nxg7
Rxb2 27. Rf7+ Kc6 1-0

[Event "Cto Equipos Aragon 2013 Div. Honor II"]
[Site "Aragon"]
[Date "2013.02.16"]
[Round "4.20"]
[White "Garcia Andres, Daniel"]
[Black "Montes Santos, Lorenzo"]
[Result "0-1"]
[WhiteElo "2024"]
[BlackElo "2055"]
[PlyCount "80"]
[EventDate "2013.??.??"]
[EventType "tourn"]
[EventRounds "7"]
[EventCountry "ESP"]
[WhiteTeam "St. Casablanca B"]
[BlackTeam "Helios"]

1. e4 g6 2. Nc3 Bg7 3. Bc4 d6 4. f4 e6 5. Nf3 Ne7 6. Bb3 O-O 7. O-O b6 8. Qe1
Bb7 9. d3 Nd7 10. Qh4 Nc6 11. Qh3 Nc5 12. f5 Nxb3 13. fxg6 hxg6 14. Ng5 Qxg5
15. Bxg5 Nxa1 16. Rxa1 Nd4 17. Rc1 b5 18. Kf1 f5 19. Ke1 Kf7 20. Be3 Rh8 21.
Qg3 b4 22. Nd1 Be5 23. Qf2 c5 24. c3 bxc3 25. bxc3 Nc6 26. h3 Bf6 27. d4 Na5
28. exf5 exf5 29. dxc5 dxc5 30. Kf1 Ba6+ 31. Kg1 Rhe8 32. Qf4 Nc4 33. Bf2 Rac8
34. Qf3 Re4 35. g4 Bb7 36. Qd3 Rd8 37. Qf1 Nd2 38. Qb5 Re7 39. Bxc5 Re1+ 40.
Kf2 Bh4# 0-1

[Event "Cto Equipos Aragon 2013 Div. Honor II"]
[Site "Aragon"]
[Date "2013.02.16"]
[Round "4.22"]
[White "Garcia Vicente, Nieves"]
[Black "Sacristan Latorre, Alberto"]
[Result "1-0"]
[WhiteElo "2213"]
[BlackElo "2063"]
[PlyCount "83"]
[EventDate "2013.??.??"]
[EventType "tourn"]
[EventRounds "7"]
[EventCountry "ESP"]
[WhiteTeam "Actur Rey Fernando"]
[BlackTeam "Ramiro"]

1. d4 Nf6 2. c4 g6 3. Nc3 Bg7 4. e4 d6 5. f3 O-O 6. Be3 c5 7. Nge2 Nc6 8. d5
Ne5 9. Nc1 e6 10. Be2 exd5 11. cxd5 a6 12. a4 h5 13. O-O Rb8 14. Rb1 b5 15.
axb5 axb5 16. Nxb5 Ba6 17. Na3 Qa5 18. Qd2 Qa4 19. Na2 Bxe2 20. Qxe2 Rb3 21.
Kh1 Rfb8 22. h3 Qa5 23. Rfc1 Qb6 24. Nc3 Rxb2 25. Rxb2 Qxb2 26. Rb1 Qxc3 27.
Rxb8+ Kh7 28. Nc2 Nc4 29. Bf2 Nd7 30. Rb7 Nde5 31. Be1 Qd3 32. Qxd3 Nxd3 33.
Rxf7 Nxe1 34. Nxe1 g5 35. Nc2 Kg6 36. Rd7 h4 37. Kg1 Be5 38. Kf2 Kf6 39. Ke2
Bg3 40. Rc7 Ke5 41. Rf7 Ne3 42. Kxe3 1-0